00309nam a2200121Ia 4500008004100000082001400041100002000055245004500075250000800120260003300128300000800161650001800169150301s2013 xx 000 0 und d a611bC13H aHANKIN, MARK H. aCLINICAL ANATOMY : A CASE STUDY APPROACH a1ST bMC GRAW HILLaNEW YORKc2013 a420 aHUMAN ANATOMY